|
|
|
|
| LEADER |
01094nab#a2200289#ar4500 |
| 001 |
000061677 |
| 003 |
SVKKK |
| 005 |
19960311xxxxxxx. |
| 008 |
06 c xo huno |
| FMT |
|
|
|
| 038 |
|
|
|a SVKKK
|
| 040 |
|
|
|a SVKKK
|b slo
|e AACR2
|
| 041 |
0 |
|
|a hun
|
| 044 |
|
|
|a xo
|c SK
|
| 080 |
|
|
|a 296
|
| 245 |
0 |
0 |
|a Egy ünnepi beszéd
|
| 520 |
2 |
|
|a Text prísahy sa týkal nepoužívania ľudskej krvi pri cirkevných obradov v izraelitskej cirkvi. Barón Jozef Eötvös, ktorý bol predstaviteľom maďarskej vlády, sa snažil o zrovnoprávnenie židov. Rabín Izák Lemberger bol synom Leopolda L., rabína v Rožňave.
|
| 600 |
1 |
4 |
|a Lemberger, Izák,
|x rabín
|z Rožňava - pôsobenie
|
| 650 |
0 |
4 |
|a cirkev židovská - Smini aceres (sviatok) - oslavy - priebeh - Lemberger Izák (rabín) - príhovor - Eötvös Jozef (barón) - spomienka - prísaha - Rožňava - 23.10.1913 - texty
|
| 773 |
0 |
|
|t Rozsnyói Hiradó
|g Roč. 36, č. 46 (09.11.1913) s. 2
|
| 957 |
|
|
|a Rožňava
|
| 958 |
|
|
|a CI
|
| 958 |
|
|
|a SK
|
| 974 |
|
|
|a ebl
|d 19960311
|
| 992 |
|
|
|a RBX
|
| BAS |
|
|
|
| 998 |
|
|
|a RETRO
|